[Event "Victoria Grand Pacific op 2nd"]
[Site "Victoria"]
[Date "2008.03.24"]
[Round "6"]
[White "Karavai, Algerd"]
[Black "Lo, Ryan"]
[Result "1-0"]
[WhiteElo "1140"]
[BlackElo "984"]
[PlyCount "45"]
[EventDate "2008.03.21"]
[EventType "swiss"]
[EventRounds "6"]
[EventCountry "CAN"]
[SourceTitle "EXT 2011"]
[Source "ChessBase"]
[SourceDate "2010.11.26"]
[SourceVersion "1"]
[SourceVersionDate "2010.11.26"]
[SourceQuality "1"]

1. e4 e5 2. Nf3 Nc6 3. Bc4 Nh6 4. d3 Be7 5. Nc3 a6 6. Nd5 0-0 7. Nxe7+ Nxe7 8. Nxe5 d5 9. exd5 Nxd5 10. Qh5 Be6 11. Bxd5 Qxd5 12. Bxh6 Qxg2 13. 0-0-0 gxh6 14. Rhg1 Qg7 15. Rxg7+ Kxg7 16. Rg1+ Kh8 17. Qxh6 Rg8 18. Rxg8+ Rxg8 19. Nf3 Rg6 20. Qf8+ Rg8 21. Qe7 c6 22. Ng5 f5 23. Qxh7# 1-0

[Event "CAN-ch U10"]
[Site "Ottawa"]
[Date "2007.07.06"]
[Round "7"]
[White "Kalra, Agastya"]
[Black "Karavai, Algerd"]
[Result "1-0"]
[WhiteElo "1365"]
[BlackElo "1075"]
[PlyCount "81"]
[EventDate "2007.07.03"]
[EventType "swiss"]
[EventRounds "7"]
[EventCountry "CAN"]
[SourceTitle "EXT 2022"]
[Source "ChessBase"]
[SourceDate "2021.10.06"]
[SourceVersion "1"]
[SourceVersionDate "2021.10.06"]
[SourceQuality "1"]

1. e4 e5 2. Nf3 Nf6 3. Nxe5 Qe7 4. d4 d6 5. Nf3 Nxe4 6. Qe2 Nc6 7. Nbd2 d5 8. g3 Bg4 9. Qe3 Nb4 10. Bd3 Nxd3+ 11. cxd3 Nxd2 12. Qxe7+ Bxe7 13. Nxd2 0-0 14. 0-0 Bh3 15. Re1 Rfe8 16. Nb3 Bb4 17. Rxe8+ Rxe8 18. Bf4 c6 19. f3 h6 20. Kf2 g5 21. Be5 Rf8 22. Bf6 b6 23. g4 Kh7 24. Kg3 Bxg4 25. Kxg4 Kg6 26. a3 h5+ 27. Kh3 Kxf6 28. axb4 Kf5 29. Rxa7 g4+ 30. fxg4+ hxg4+ 31. Kg3 f6 32. Re7 Rh8 33. Nc1 Rh3+ 34. Kg2 Kf4 35. Ne2+ Kg5 36. Ng3 f5 37. Re5 Rh8 38. Rxf5+ Kh4 39. Ne2 Re8 40. Nf4 Re1 41. Ng6# 1-0